00485nam a2200133Ia 4500008004100000024006000041082001800101100009800119245002400217260002600241600003400267650003300301999001700334260210s9999 xx 000 0 und d a04B-010-TE, 04B-031-TE, 04B-037-TE & 04B-057-TE a004.16072 MUH aMuhammad Khizar Qaiser, Ahmed Hassan Siddiqui, Farhan Ahmed Siddiqi & Farhan Ahmed Qayyum 0aWireless Local Loop aKarachi:bUITU,c2004 aTelecommunication Engineering aBachelor of Engineering (BE) c33528d33528